[Event "Titled Tuesday intern op 27th Feb Late"]
[Site "Chess.com INT"]
[Date "2024.02.27"]
[Round "6"]
[White "Hernandez Ojeda, Garry Anatholy"]
[Black "Stanojevic, Ilija"]
[Result "1/2-1/2"]
[WhiteElo "2047"]
[BlackElo "2209"]
[PlyCount "71"]
[EventDate "2024.02.27"]
[EventType "swiss (blitz)"]
[EventRounds "11"]
[EventCountry "USA"]
[SourceTitle "CB10_2024"]
[SourceDate "2024.03.06"]
[SourceVersion "1"]
[SourceVersionDate "2024.03.06"]
[SourceQuality "1"]

1. e4 c5 2. Nf3 Nc6 3. d4 cxd4 4. Nxd4 e5 5. Nb5 d6 6. N1c3 a6 7. Na3 b5 8. Nd5 Nge7 9. c4 Nd4 10. Be3 Nxd5 11. exd5 Nf5 12. Bd2 g6 13. Bd3 Bg7 14. 0-0 0-0 15. Rb1 Bd7 16. cxb5 axb5 17. Nxb5 Rxa2 18. Nc3 Ra8 19. b4 Nd4 20. Ne4 Ba4 21. Qe1 f5 22. Bg5 Qd7 23. Nc3 Bc2 24. Bxc2 Nxc2 25. Qd2 Nd4 26. Be3 Nb5 27. Nxb5 Qxb5 28. f3 Rfc8 29. Rfc1 Rab8 30. Bg5 Rxc1+ 31. Rxc1 Qxb4 32. Rc8+ Kf7 33. Rc7+ Kg8 34. Rc8+ Kf7 35. Rc7+ Kg8 36. Rc8+ 1/2-1/2